The UK aggregates industry in the 1990s - prospects, threats and opportunities (Record no. 6881)

MARC details
000 -LEADER
fixed length control field 00934cab a2200229 4500
001 - CONTROL NUMBER
control field ABS51112
008 - FIXED-LENGTH DATA ELEMENTS--GENERAL INFORMATION
fixed length control field 090401t1994 xxu||||| |||| 00| 0 eng d
035 ## - SYSTEM CONTROL NUMBER
System control number (Sirsi) u10816
041 ## - LANGUAGE CODE
Language code of text/sound track or separate title eng
100 ## - MAIN ENTRY--PERSONAL NAME
Personal name Clapp, J.
245 #4 - TITLE STATEMENT
Title The UK aggregates industry in the 1990s - prospects, threats and opportunities
260 ## - PUBLICATION, DISTRIBUTION, ETC.
Date of publication, distribution, etc. 1994
350 ## - PRICE (NR) (BK AM CF MU VM SE) [OBSOLETE]
Price 0
490 ## - SERIES STATEMENT
Series statement Quarry Management
Volume/sequential designation July 1994, 25-27(3)
520 ## - SUMMARY, ETC.
Summary, etc. Reviews prospects and opportunities for UK aggregates companies, considering that recovery is in sight, since most of the springtime aggregates price increase has held, giving aggregates companies greater confidence for the future.Discusses conclusions from the new report published for the industry in February 1994 by BDS Marketing and Research.
650 ## - SUBJECT ADDED ENTRY--TOPICAL TERM
Topical term or geographic name entry element AGGREGATES INDUSTRY
650 ## - SUBJECT ADDED ENTRY--TOPICAL TERM
Topical term or geographic name entry element AGGREGATES MARKET
650 ## - SUBJECT ADDED ENTRY--TOPICAL TERM
Topical term or geographic name entry element FORECASTS
690 ## - LOCAL SUBJECT ADDED ENTRY--TOPICAL TERM (OCLC, RLIN)
Topical term or geographic name as entry element MINING AND MINERALS
942 ## - ADDED ENTRY ELEMENTS (KOHA)
Suppress in OPAC 0
948 ## - LOCAL PROCESSING INFORMATION (OCLC); SERIES PART DESIGNATOR (RLIN)
c (OCLC) 04/03/1997
Holdings
Withdrawn status Lost status Source of classification or shelving scheme Damaged status Not for loan Home library Current library Shelving location Date acquired Total Checkouts Full call number Barcode Date last seen Copy number Price effective from Koha item type
    Dewey Decimal Classification     London London Journal article 14/09/1999   ABS51112 10816-1001 06/08/2019 1 06/08/2019 Journal article